Compendium of tourism statistics : data 2003-2007

Αποθηκεύτηκε σε:
Λεπτομέρειες βιβλιογραφικής εγγραφής
Συγγραφή απο Οργανισμό/Αρχή: World Tourism Organization
Μορφή: Βιβλίο
Γλώσσα:English
French
Δημοσίευση: Madrid, Spain : World Tourism Organization, c2009
Έκδοση:2009 ed.
Θέματα:
Ετικέτες: Προσθήκη ετικέτας
Δεν υπάρχουν, Καταχωρήστε ετικέτα πρώτοι!

MARC

LEADER 00000cam a2200000 i 4500
001 1/7498
008 100517s2009 eng d
020 |a 978-92-844-1307-2 
035 |l 10107882 
040 |a GR-MY-UA  |b gre  |e aacr 
041 0 |a eng  |a fre  |a esp 
082 0 |a 338.4791021  |2 (22) 
110 2 |a World Tourism Organization. 
245 1 0 |a Compendium of tourism statistics :  |b data 2003-2007 /  |c World Tourism Organization 
250 |a 2009 ed. 
260 |a Madrid, Spain :   |b World Tourism Organization,   |c c2009 
300 |a 323 σ.;  |b πίν.;  |c 30 εκ. 
650 0 0 |a Tourism  |x Statistics. 
852 |a INST  |b CHIOS  |e 20100517  |h 338.4791021 WOR  |p 005200032643  |q 005200032643  |t REF  |y 23 
901 |a BIBL2-2010-2 
909 |a Χ  |b 148297 
970 |a ΣΑΛΑΜΟΥΡΑ  |b ΜΑΡΙΑ  |z 2010/05/17